Tour de France : Vainqueurs (2000-2024) - Statistiques

Statistiques générales
  • Ce quiz a été pris 1 051 fois
  • Le résultat moyen est 6 sur 11
Answers on the Grid
Answers color-coded by a green-red scale on the quiz's grid according to % correct below.
Tadej Pogačar
Jonas Vingegaard
Egan Bernal
Geraint Thomas
Christopher Froome
Vincenzo Nibali
Bradley Wiggins
Cadel Evans
Andy Schleck
Alberto Contador
Óscar Pereiro
Peter Sagan
Julian Alaphilippe
Wout van Aert
Mathieu van der Poel
Primož Roglič
Mark Cavendish
Thibaut Pinot
Romain Bardet
Rigoberto Urán
Alejandro Valverde
Fabian Cancellara
Dan Martin
Tony Martin
Richie Porte
Michael Matthews
Adam Yates
Geraint Thomas
Richard Carapaz
Nairo Quintana
 
Statistiques - réponses
Réponse % Correct
Tadej Pogačar
63%
Christopher Froome
62%
Jonas Vingegaard
60%
Alberto Contador
53%
Vincenzo Nibali
53%
Egan Bernal
52%
Geraint Thomas
50%
Bradley Wiggins
49%
Cadel Evans
44%
Andy Schleck
43%
Óscar Pereiro
22%
Aucun quiz correspondant
Distribution des résultats
% des personnes avec chaque résultat
Percentile par nombre de réponses
Votre historique - résultats
Vous n’avez pas pris ce quiz